[Event "British Rapidplay Championship 2023"]
[Site "Mercure Bradford, Bankfield Hotel"]
[Date "2023.04.15"]
[Round "4.34"]
[White "Convalle, Pietro"]
[Black "Appleyard, Tim"]
[Result "1-0"]
[TimeControl "All moves in 15 minutes plus 10 second increment per move from move 1"]
[WhiteElo "1481"]
[BlackElo "1139"]

1. d4 {[%clk 00:15:19]} {[%emt 00:00:01]} d5 {[%clk 00:15:19]} {[%emt
00:00:02]} 2. Bf4 {[%clk 00:15:27]} {[%emt 00:00:01]} e6 {[%clk 00:14:58]}
{[%emt 00:00:31]} 3. Nf3 {[%clk 00:15:35]} {[%emt 00:00:02]} Nf6 {[%clk
00:14:51]} {[%emt 00:00:17]} 4. Nbd2 {[%clk 00:15:43]} {[%emt 00:00:02]} c5
{[%clk 00:14:41]} {[%emt 00:00:21]} 5. c3 {[%clk 00:15:44]} {[%emt 00:00:08]}
Nc6 {[%clk 00:13:33]} {[%emt 00:01:18]} 6. Ne5 {[%clk 00:15:34]} {[%emt
00:00:20]} Nxe5 {[%clk 00:12:24]} {[%emt 00:01:20]} 7. Bxe5 {[%clk 00:15:18]}
{[%emt 00:00:26]} cxd4 {[%clk 00:11:26]} {[%emt 00:01:08]} 8. cxd4 {[%clk
00:15:25]} {[%emt 00:00:03]} Ng4 {[%clk 00:10:12]} {[%emt 00:01:23]} 9. Bg3
{[%clk 00:15:11]} {[%emt 00:00:23]} Bd6 {[%clk 00:09:54]} {[%emt 00:00:29]} 10.
e3 {[%clk 00:14:11]} {[%emt 00:01:09]} f5 {[%clk 00:09:37]} {[%emt 00:00:28]}
11. a3 {[%clk 00:13:25]} {[%emt 00:00:57]} e5 {[%clk 00:08:57]} {[%emt
00:00:50]} 12. Bb5+ {[%clk 00:09:52]} {[%emt 00:03:41]} Bd7 {[%clk 00:09:04]}
{[%emt 00:00:05]} 13. Bxd7+ {[%clk 00:09:58]} {[%emt 00:00:04]} Qxd7 {[%clk
00:08:58]} {[%emt 00:00:15]} 14. h3 {[%clk 00:09:59]} {[%emt 00:00:08]} Nf6
{[%clk 00:08:27]} {[%emt 00:00:42]} 15. dxe5 {[%clk 00:10:04]} {[%emt
00:00:05]} f4 {[%clk 00:08:23]} {[%emt 00:00:16]} 16. Bxf4 {[%clk 00:09:22]}
{[%emt 00:00:50]} Bxe5 {[%clk 00:07:00]} {[%emt 00:01:34]} 17. Bxe5 {[%clk
00:09:27]} {[%emt 00:00:04]} Qf5 {[%clk 00:07:09]} {[%emt 00:00:01]} 18. Qa4+
{[%clk 00:08:31]} {[%emt 00:01:05]} Kf7 {[%clk 00:05:41]} {[%emt 00:01:39]} 19.
Bxf6 {[%clk 00:08:27]} {[%emt 00:00:14]} Qxf6 {[%clk 00:05:43]} {[%emt
00:00:08]} 20. Qd7+ {[%clk 00:08:31]} {[%emt 00:00:04]} Kg6 {[%emt 00:00:13]}
21. Qg4+ {[%clk 00:07:52]} {[%emt 00:00:48]} Kf7 {[%clk 00:05:39]} {[%emt
00:00:14]} 22. Qf3 {[%clk 00:08:01]} {[%emt 00:00:01]} Rhe8 {[%clk 00:05:32]}
{[%emt 00:00:18]} 23. Qxf6+ {[%clk 00:08:07]} {[%emt 00:00:03]} gxf6 {[%emt
00:00:03]} 24. Nf3 {[%clk 00:08:14]} {[%emt 00:00:01]} Rad8 {[%clk 00:05:31]}
{[%emt 00:00:20]} 25. Nd4 {[%clk 00:08:22]} {[%emt 00:00:03]} Re4 {[%clk
00:05:11]} {[%emt 00:00:30]} 26. Kd2 {[%clk 00:08:29]} {[%emt 00:00:03]} f5
{[%clk 00:04:54]} {[%emt 00:00:27]} 27. Nxf5 {[%clk 00:08:32]} {[%emt
00:00:06]} Ke6 {[%clk 00:03:37]} {[%emt 00:01:28]} 28. Nd4+ {[%clk 00:08:35]}
{[%emt 00:00:05]} a6 {[%clk 00:02:48]} {[%emt 00:01:00]} 29. Rac1+ {[%clk
00:08:43]} {[%emt 00:00:03]} 1-0

[Event "British Rapidplay Championship 2023"]
[Site "Mercure Bradford, Bankfield Hotel"]
[Date "2023.04.15"]
[Round "4.35"]
[White "Hutchinson, Stephen A"]
[Black "Gorrell, Elinor"]
[Result "0-1"]
[TimeControl "All moves in 15 minutes plus 10 second increment per move from move 1"]
[WhiteElo "1142"]
[BlackElo "1348"]

1. d4 {[%emt 00:00:03]} d5 {[%emt 00:00:04]} 2. Nf3 {[%clk 00:15:05]} {[%emt
00:00:07]} Nf6 {[%clk 00:15:13]} {[%emt 00:00:07]} 3. Bf4 {[%clk 00:15:09]}
{[%emt 00:00:06]} Bg4 {[%clk 00:15:11]} {[%emt 00:00:13]} 4. h3 {[%clk
00:15:14]} {[%emt 00:00:05]} Bh5 {[%clk 00:15:07]} {[%emt 00:00:13]} 5. e3
{[%clk 00:15:19]} {[%emt 00:00:05]} e6 {[%clk 00:15:10]} {[%emt 00:00:08]} 6.
Be2 {[%clk 00:15:26]} {[%emt 00:00:02]} Bd6 {[%clk 00:15:15]} {[%emt 00:00:05]}
7. O-O {[%clk 00:15:31]} {[%emt 00:00:04]} O-O {[%clk 00:15:07]} {[%emt
00:00:19]} 8. Nc3 {[%clk 00:15:38]} {[%emt 00:00:04]} c5 {[%clk 00:15:07]}
{[%emt 00:00:09]} 9. Ne5 {[%clk 00:15:30]} {[%emt 00:00:18]} Bxe2 {[%clk
00:15:02]} {[%emt 00:00:16]} 10. Qxe2 {[%clk 00:15:37]} {[%emt 00:00:02]} Nc6
{[%clk 00:14:38]} {[%emt 00:00:34]} 11. Nxc6 {[%clk 00:15:39]} {[%emt
00:00:08]} bxc6 {[%clk 00:14:45]} {[%emt 00:00:04]} 12. Bxd6 {[%clk 00:15:32]}
{[%emt 00:00:17]} Qxd6 {[%clk 00:14:52]} {[%emt 00:00:03]} 13. Na4 {[%clk
00:14:42]} {[%emt 00:01:00]} cxd4 {[%clk 00:14:33]} {[%emt 00:00:28]} 14. exd4
{[%clk 00:14:46]} {[%emt 00:00:06]} Ne4 {[%clk 00:14:13]} {[%emt 00:00:31]} 15.
f3 {[%clk 00:14:50]} {[%emt 00:00:05]} Ng3 {[%clk 00:14:19]} {[%emt 00:00:04]}
16. Qf2 {[%clk 00:14:51]} {[%emt 00:00:09]} Nxf1 {[%clk 00:14:25]} {[%emt
00:00:04]} 17. Rxf1 {[%clk 00:14:58]} {[%emt 00:00:03]} Rab8 {[%clk 00:14:19]}
{[%emt 00:00:16]} 18. b3 {[%clk 00:15:04]} {[%emt 00:00:04]} Rfe8 {[%clk
00:13:35]} {[%emt 00:00:55]} 19. Nc5 {[%clk 00:15:10]} {[%emt 00:00:03]} Rb5
{[%clk 00:12:53]} {[%emt 00:00:52]} 20. Qd2 {[%clk 00:14:52]} {[%emt 00:00:27]}
e5 {[%clk 00:12:50]} {[%emt 00:00:14]} 21. b4 {[%clk 00:14:59]} {[%emt
00:00:03]} exd4 {[%clk 00:12:44]} {[%emt 00:00:16]} 22. Qxd4 {[%clk 00:15:05]}
{[%emt 00:00:04]} a5 {[%clk 00:12:35]} {[%emt 00:00:20]} 23. c3 {[%clk
00:15:09]} {[%emt 00:00:05]} h6 {[%clk 00:11:56]} {[%emt 00:00:49]} 24. a4
{[%clk 00:15:13]} {[%emt 00:00:05]} Rbb8 {[%clk 00:11:39]} {[%emt 00:00:28]} 25.
Na6 {[%clk 00:15:15]} {[%emt 00:00:09]} Ra8 {[%clk 00:11:27]} {[%emt 00:00:21]}
26. Nc5 {[%clk 00:15:15]} {[%emt 00:00:10]} axb4 {[%clk 00:11:24]} {[%emt
00:00:13]} 27. cxb4 {[%clk 00:15:22]} {[%emt 00:00:03]} Re2 {[%clk 00:11:09]}
{[%emt 00:00:26]} 28. Qg4 {[%clk 00:15:01]} {[%emt 00:00:29]} Rb2 {[%clk
00:10:22]} {[%emt 00:00:58]} 29. Re1 {[%clk 00:15:00]} {[%emt 00:00:11]} Rb8
{[%clk 00:09:58]} {[%emt 00:00:35]} 30. Nd7 {[%clk 00:14:57]} {[%emt 00:00:11]}
R2xb4 {[%clk 00:09:01]} {[%emt 00:01:08]} 31. Qf5 {[%clk 00:14:56]} {[%emt
00:00:09]} Rf4 {[%clk 00:08:49]} {[%emt 00:00:25]} 32. Qe5 {[%clk 00:14:19]}
{[%emt 00:00:45]} Qxe5 {[%clk 00:08:36]} {[%emt 00:00:24]} 33. Nxe5 {[%clk
00:14:24]} {[%emt 00:00:04]} Rc8 {[%clk 00:08:27]} {[%emt 00:00:20]} 34. Ra1
{[%clk 00:14:27]} {[%emt 00:00:07]} c5 {[%clk 00:08:12]} {[%emt 00:00:26]} 35.
a5 {[%clk 00:14:34]} {[%emt 00:00:02]} Rb4 {[%clk 00:07:47]} {[%emt 00:00:35]}
36. a6 {[%clk 00:14:40]} {[%emt 00:00:03]} c4 {[%clk 00:06:58]} {[%emt
00:01:00]} 37. a7 {[%clk 00:14:47]} {[%emt 00:00:02]} Ra8 {[%clk 00:07:07]}
{[%emt 00:00:02]} 38. Nc6 {[%clk 00:14:50]} {[%emt 00:00:07]} Rb7 {[%clk
00:07:00]} {[%emt 00:00:17]} 39. Ra5 {[%clk 00:14:46]} {[%emt 00:00:12]} Rc7
{[%clk 00:07:03]} {[%emt 00:00:08]} 40. Ra6 {[%clk 00:14:44]} {[%emt 00:00:12]}
c3 {[%clk 00:07:06]} {[%emt 00:00:08]} 41. Kf1 {[%clk 00:14:47]} {[%emt
00:00:06]} d4 {[%clk 00:06:52]} {[%emt 00:00:25]} 42. Ke1 {[%clk 00:14:55]}
{[%emt 00:00:02]} d3 {[%clk 00:06:43]} {[%emt 00:00:19]} 43. Kd1 {[%clk
00:15:02]} {[%emt 00:00:02]} Raxa7 {[%clk 00:05:19]} {[%emt 00:01:35]} 44. Nxa7
{[%clk 00:15:06]} {[%emt 00:00:04]} c2+ {[%clk 00:05:26]} {[%emt 00:00:04]} 45.
Kc1 {[%clk 00:15:12]} {[%emt 00:00:03]} d2+ {[%clk 00:05:34]} {[%emt 00:00:03]}
46. Kxd2 {[%clk 00:15:18]} {[%emt 00:00:03]} c1=Q+ {[%emt 00:00:04]} 47. Kd3
{[%clk 00:15:24]} {[%emt 00:00:03]} Qc4+ {[%clk 00:05:48]} {[%emt 00:00:05]} 48.
Ke4 {[%clk 00:15:29]} {[%emt 00:00:05]} Qxa6 {[%clk 00:05:56]} {[%emt
00:00:01]} 49. Ke5 {[%clk 00:15:29]} {[%emt 00:00:10]} Rxa7 {[%clk 00:05:57]}
{[%emt 00:00:10]} 50. g4 {[%clk 00:15:32]} {[%emt 00:00:06]} Re7+ {[%clk
00:06:01]} {[%emt 00:00:07]} 51. Kf5 {[%clk 00:15:37]} {[%emt 00:00:04]} Qb5+
{[%clk 00:06:08]} {[%emt 00:00:04]} 52. Kf4 {[%clk 00:15:44]} {[%emt 00:00:03]}
Rc7 {[%clk 00:06:04]} {[%emt 00:00:15]} 53. Kg3 {[%clk 00:15:49]} {[%emt
00:00:04]} Rc4 {[%clk 00:06:12]} {[%emt 00:00:03]} 54. Kh4 {[%clk 00:15:47]}
{[%emt 00:00:09]} Qe8 {[%clk 00:05:52]} {[%emt 00:00:32]} 55. Kg3 {[%clk
00:15:42]} {[%emt 00:00:14]} g5 {[%clk 00:05:56]} {[%emt 00:00:07]} 56. h4
{[%clk 00:15:45]} {[%emt 00:00:06]} Qe1+ {[%clk 00:05:41]} {[%emt 00:00:26]} 57.
Kh3 {[%clk 00:15:44]} {[%emt 00:00:04]} Rc2 {[%clk 00:05:49]} {[%emt 00:00:09]}
58. hxg5 {[%clk 00:15:49]} {[%emt 00:00:05]} Qg1 {[%clk 00:05:34]} {[%emt
00:00:25]} 59. Kh4 {[%clk 00:15:47]} {[%emt 00:00:10]} Rh2# {[%clk 00:05:30]}
{[%emt 00:00:03]} 0-1

[ePGN "0.1;DGT LiveChess/2.2.5"]

[Event "British Rapidplay Championship 2023"]
[Site "Mercure Bradford, Bankfield Hotel"]
[Date "2023.04.15"]
[Round "5.2"]
[White "Baxter, Martin"]
[Black "Quilter, Thomas A"]
[Result "0-1"]
[TimeControl "All moves in 15 minutes plus 10 second increment per move from move 1"]
[WhiteElo "1766"]
[BlackElo "2062"]

1. e4 {[%clk 00:15:17]} {[%emt 00:00:02]} e5 {[%clk 00:15:04]} {[%emt
00:00:16]} 2. Nc3 {[%clk 00:15:24]} {[%emt 00:00:02]} Nc6 {[%clk 00:15:08]}
{[%emt 00:00:07]} 3. Bc4 {[%clk 00:15:32]} {[%emt 00:00:02]} Nf6 {[%clk
00:15:11]} {[%emt 00:00:08]} 4. f4 {[%clk 00:15:39]} {[%emt 00:00:02]} Nxe4
{[%clk 00:10:54]} {[%emt 00:04:27]} 5. Bxf7+ {[%clk 00:13:16]} {[%emt
00:02:33]} Kxf7 {[%clk 00:11:02]} {[%emt 00:00:02]} 6. Nxe4 {[%clk 00:13:23]}
{[%emt 00:00:02]} d5 {[%clk 00:10:44]} {[%emt 00:00:29]} 7. Ng5+ {[%clk
00:13:03]} {[%emt 00:00:30]} Kg8 {[%clk 00:10:29]} {[%emt 00:00:25]} 8. d3
{[%clk 00:11:53]} {[%emt 00:01:20]} Bd6 {[%clk 00:08:25]} {[%emt 00:02:14]} 9.
Qf3 {[%clk 00:10:47]} {[%emt 00:01:15]} Nb4 {[%clk 00:05:59]} {[%emt 00:02:37]}
10. a3 {[%clk 00:06:54]} {[%emt 00:04:02]} exf4 {[%clk 00:04:33]} {[%emt
00:01:37]} 11. Bxf4 {[%clk 00:04:58]} {[%emt 00:02:05]} Bxf4 {[%clk 00:02:40]}
{[%emt 00:02:04]} 12. Qxf4 {[%clk 00:04:38]} {[%emt 00:00:30]} Nxc2+ {[%clk
00:02:15]} {[%emt 00:00:35]} 13. Kd2 {[%clk 00:03:55]} {[%emt 00:00:52]} Qf6
{[%clk 00:02:18]} {[%emt 00:00:08]} 14. Qxf6 {[%clk 00:02:48]} {[%emt
00:01:16]} gxf6 {[%clk 00:02:27]} {[%emt 00:00:02]} 15. Kxc2 {[%clk 00:02:48]}
{[%emt 00:00:10]} fxg5 {[%clk 00:02:33]} {[%emt 00:00:04]} 16. Nf3 {[%clk
00:02:52]} {[%emt 00:00:05]} g4 {[%clk 00:02:13]} {[%emt 00:00:31]} 17. Ne5
{[%clk 00:02:51]} {[%emt 00:00:10]} Kg7 {[%clk 00:02:15]} {[%emt 00:00:09]} 18.
Rhf1 {[%clk 00:02:45]} {[%emt 00:00:15]} Be6 {[%clk 00:02:22]} {[%emt
00:00:04]} 19. Rf4 {[%clk 00:02:38]} {[%emt 00:00:18]} Rhf8 {[%clk 00:02:19]}
{[%emt 00:00:12]} 20. Raf1 {[%clk 00:02:35]} {[%emt 00:00:11]} Rxf4 {[%clk
00:02:23]} {[%emt 00:00:08]} 21. Rxf4 {[%clk 00:02:43]} {[%emt 00:00:02]} Rf8
{[%clk 00:02:29]} {[%emt 00:00:04]} 22. Rxf8 {[%clk 00:02:25]} Kxf8 {[%clk
00:02:37]} {[%emt 00:00:29]} 23. d4 {[%clk 00:02:22]} {[%emt 00:00:13]} Ke7
{[%clk 00:02:39]} {[%emt 00:00:08]} 24. Kd3 {[%clk 00:02:29]} {[%emt 00:00:02]}
Kf6 {[%clk 00:02:46]} {[%emt 00:00:04]} 25. Ke3 {[%clk 00:02:15]} {[%emt
00:00:25]} h5 {[%clk 00:01:47]} {[%emt 00:01:10]} 26. Nd3 {[%clk 00:02:08]}
{[%emt 00:00:16]} Kf5 {[%clk 00:01:12]} {[%emt 00:00:45]} 27. Nc5 {[%clk
00:01:45]} {[%emt 00:00:33]} Bc8 {[%clk 00:01:18]} {[%emt 00:00:04]} 28. g3
{[%clk 00:01:42]} {[%emt 00:00:13]} b6 {[%clk 00:01:16]} {[%emt 00:00:13]} 29.
Nd3 {[%clk 00:01:43]} {[%emt 00:00:08]} c6 {[%clk 00:01:16]} {[%emt 00:00:10]}
30. b4 {[%clk 00:01:37]} {[%emt 00:00:15]} Be6 {[%clk 00:01:11]} {[%emt
00:00:15]} 31. Ne5 {[%clk 00:01:41]} {[%emt 00:00:06]} c5 {[%clk 00:01:18]}
{[%emt 00:00:04]} 32. Nc6 {[%clk 00:01:31]} {[%emt 00:00:20]} cxb4 {[%clk
00:00:48]} {[%emt 00:00:40]} 33. axb4 {[%clk 00:01:28]} {[%emt 00:00:12]} a6
{[%clk 00:00:37]} {[%emt 00:00:22]} 34. Nb8 {[%clk 00:01:15]} {[%emt 00:00:23]}
a5 {[%clk 00:00:34]} {[%emt 00:00:13]} 35. bxa5 {[%clk 00:01:13]} {[%emt
00:00:12]} bxa5 {[%clk 00:00:43]} 36. Nc6 {[%clk 00:01:14]} {[%emt 00:00:08]}
a4 {[%clk 00:00:49]} {[%emt 00:00:05]} 37. Kd3 {[%clk 00:01:12]} {[%emt
00:00:11]} Bd7 {[%clk 00:00:38]} {[%emt 00:00:19]} 38. Ne5 {[%clk 00:01:09]}
{[%emt 00:00:15]} Bb5+ {[%clk 00:00:44]} {[%emt 00:00:04]} 39. Kc3 {[%clk
00:01:16]} {[%emt 00:00:04]} Ke4 {[%clk 00:00:47]} {[%emt 00:00:07]} 40. Kb4
{[%clk 00:01:07]} {[%emt 00:00:19]} Be8 {[%emt 00:01:31]} 0-1

[Event "British Rapidplay Championship 2023"]
[Site "Mercure Bradford, Bankfield Hotel"]
[Date "2023.04.15"]
[Round "5.3"]
[White "Cuaresma, Bien"]
[Black "Smith, Andrew P"]
[Result "0-1"]
[TimeControl "All moves in 15 minutes plus 10 second increment per move from move 1"]
[WhiteElo "1606"]
[BlackElo "2073"]

1. e4 {[%clk 00:15:11]} {[%emt 00:00:08]} e5 {[%clk 00:15:05]} {[%emt
00:00:15]} 2. Nf3 {[%clk 00:15:01]} {[%emt 00:00:20]} d6 {[%clk 00:15:08]}
{[%emt 00:00:07]} 3. c3 {[%clk 00:15:00]} {[%emt 00:00:10]} h6 {[%clk
00:14:46]} {[%emt 00:00:33]} 4. d4 {[%clk 00:14:54]} {[%emt 00:00:16]} Nd7
{[%clk 00:14:48]} {[%emt 00:00:07]} 5. Bc4 {[%clk 00:14:53]} {[%emt 00:00:12]}
Qf6 {[%clk 00:14:39]} {[%emt 00:00:19]} 6. Be3 {[%clk 00:14:20]} {[%emt
00:00:44]} Ne7 {[%clk 00:14:04]} {[%emt 00:00:45]} 7. Nbd2 {[%clk 00:14:15]}
{[%emt 00:00:15]} Ng6 {[%clk 00:13:04]} {[%emt 00:01:09]} 8. g3 {[%clk
00:13:15]} {[%emt 00:01:10]} Be7 {[%clk 00:11:01]} {[%emt 00:02:13]} 9. h4
{[%clk 00:13:17]} {[%emt 00:00:08]} Nb6 {[%clk 00:08:52]} {[%emt 00:02:19]} 10.
Be2 {[%clk 00:13:21]} {[%emt 00:00:06]} Bg4 {[%clk 00:08:15]} {[%emt 00:00:47]}
11. h5 {[%clk 00:12:34]} {[%emt 00:00:57]} Bxf3 {[%clk 00:07:49]} {[%emt
00:00:36]} 12. Nxf3 {[%clk 00:12:23]} {[%emt 00:00:21]} Nf8 {[%clk 00:07:50]}
{[%emt 00:00:09]} 13. a4 {[%clk 00:12:19]} {[%emt 00:00:14]} Nbd7 {[%clk
00:06:12]} {[%emt 00:01:49]} 14. Qb3 {[%clk 00:12:15]} {[%emt 00:00:13]} Rb8
{[%clk 00:05:45]} {[%emt 00:00:37]} 15. Nh4 {[%clk 00:10:30]} {[%emt 00:01:56]}
Ne6 {[%clk 00:03:49]} {[%emt 00:02:06]} 16. O-O-O {[%clk 00:08:41]} {[%emt
00:01:58]} O-O {[%clk 00:02:41]} {[%emt 00:01:19]} 17. Nf5 {[%clk 00:08:35]}
{[%emt 00:00:16]} Rfe8 {[%clk 00:02:34]} {[%emt 00:00:17]} 18. Rdf1 {[%clk
00:07:24]} {[%emt 00:01:21]} Ng5 {[%clk 00:02:25]} {[%emt 00:00:19]} 19. f3
{[%clk 00:07:15]} {[%emt 00:00:18]} Bf8 {[%clk 00:02:26]} {[%emt 00:00:09]} 20.
Kb1 {[%clk 00:06:02]} {[%emt 00:01:24]} c6 {[%clk 00:02:35]} {[%emt 00:00:01]}
21. Bd3 {[%clk 00:04:49]} {[%emt 00:01:22]} 0-1

[Event "British Rapidplay Championship 2023"]
[Site "Mercure Bradford, Bankfield Hotel"]
[Date "2023.04.15"]
[Round "5.4"]
[White "Bak, Christopher"]
[Black "Bastow, Mark A"]
[Result "1-0"]
[TimeControl "All moves in 15 minutes plus 10 second increment per move from move 1"]
[WhiteElo "1947"]
[BlackElo "1739"]

1. c4 {[%clk 00:15:17]} {[%emt 00:00:03]} c5 {[%clk 00:15:13]} {[%emt
00:00:07]} 2. g3 {[%clk 00:15:25]} {[%emt 00:00:02]} e6 {[%clk 00:15:20]}
{[%emt 00:00:03]} 3. Bg2 {[%clk 00:15:27]} {[%emt 00:00:09]} d5 {[%clk
00:15:22]} {[%emt 00:00:08]} 4. Nf3 {[%clk 00:15:09]} {[%emt 00:00:27]} Nc6
{[%clk 00:15:22]} {[%emt 00:00:10]} 5. cxd5 {[%clk 00:15:14]} {[%emt 00:00:05]}
exd5 {[%clk 00:15:30]} {[%emt 00:00:02]} 6. d4 {[%clk 00:15:22]} {[%emt
00:00:03]} Nf6 {[%clk 00:14:29]} {[%emt 00:01:10]} 7. O-O {[%clk 00:15:28]}
{[%emt 00:00:04]} Be7 {[%clk 00:14:31]} {[%emt 00:00:08]} 8. Nc3 {[%clk
00:15:34]} {[%emt 00:00:04]} O-O {[%clk 00:14:36]} {[%emt 00:00:05]} 9. Bg5
{[%clk 00:15:41]} {[%emt 00:00:04]} cxd4 {[%clk 00:14:10]} {[%emt 00:00:36]} 10.
Nxd4 {[%clk 00:15:47]} {[%emt 00:00:03]} h6 {[%clk 00:14:12]} {[%emt 00:00:08]}
11. Bf4 {[%clk 00:15:20]} {[%emt 00:00:37]} Bg4 {[%clk 00:13:14]} {[%emt
00:01:08]} 12. Rc1 {[%clk 00:15:11]} {[%emt 00:00:20]} Rc8 {[%clk 00:12:36]}
{[%emt 00:00:47]} 13. h3 {[%clk 00:14:34]} {[%emt 00:00:48]} Bd7 {[%clk
00:12:17]} {[%emt 00:00:27]} 14. a3 {[%clk 00:14:02]} {[%emt 00:00:44]} Qa5
{[%clk 00:11:49]} {[%emt 00:00:38]} 15. Qd3 {[%clk 00:13:25]} {[%emt 00:00:46]}
Rfd8 {[%clk 00:11:33]} {[%emt 00:00:26]} 16. Rfd1 {[%clk 00:09:37]} {[%emt
00:03:59]} Bf8 {[%clk 00:09:21]} {[%emt 00:02:22]} 17. Nb3 {[%clk 00:09:19]}
{[%emt 00:00:27]} Qb6 {[%clk 00:08:11]} {[%emt 00:01:20]} 18. Na4 {[%clk
00:09:20]} {[%emt 00:00:10]} Qa6 {[%clk 00:08:05]} {[%emt 00:00:16]} 19. Qxa6
{[%clk 00:09:18]} {[%emt 00:00:12]} bxa6 {[%clk 00:08:14]} {[%emt 00:00:02]} 20.
Nbc5 {[%clk 00:09:07]} {[%emt 00:00:20]} Be8 {[%clk 00:07:28]} {[%emt
00:00:55]} 21. h4 {[%clk 00:07:18]} {[%emt 00:02:00]} a5 {[%clk 00:06:50]}
{[%emt 00:00:48]} 22. Nb7 {[%clk 00:07:20]} {[%emt 00:00:07]} Ne7 {[%clk
00:06:23]} {[%emt 00:00:37]} 23. Nxd8 {[%clk 00:07:22]} {[%emt 00:00:08]} Bxa4
{[%clk 00:06:12]} {[%emt 00:00:21]} 24. Rxc8 {[%clk 00:07:21]} {[%emt
00:00:12]} Bxd1 {[%clk 00:05:20]} {[%emt 00:01:02]} 25. Ra8 {[%clk 00:07:25]}
{[%emt 00:00:05]} Bxe2 {[%clk 00:04:49]} {[%emt 00:00:42]} 26. Bd6 {[%clk
00:07:30]} {[%emt 00:00:04]} Ng6 {[%clk 00:04:35]} {[%emt 00:00:24]} 27. Nc6
{[%clk 00:06:54]} {[%emt 00:00:46]} Ba6 {[%clk 00:03:55]} {[%emt 00:00:50]} 28.
Bxf8 {[%clk 00:06:05]} {[%emt 00:00:59]} Nxf8 {[%clk 00:03:59]} {[%emt
00:00:06]} 29. Ne7+ {[%clk 00:06:10]} {[%emt 00:00:05]} 1-0